书目信息 |
| 题名: |
雪宝顶瑰宝
|
|
| 作者: | 尹显庸, 著 | |
| 分册: | ||
| 出版信息: | 成都 巴蜀书社 2018.01 |
|
| 页数: | 153页 | |
| 开本: | 29cm | |
| 丛书名: | ||
| 单 册: | ||
| 中图分类: | P573 | |
| 科图分类: | ||
| 主题词: | 矿物晶体--kuang wu jing ti--标本--介绍--平武县 | |
| 电子资源: | ||
| ISBN: | 978-7-5531-0775-2 | |
| 000 | 00970nam0 2200265 450 | |
| 001 | CAL 009102887 | |
| 005 | 20180817163857.1 | |
| 010 | @a978-7-5531-0775-2@dCNY168.00 | |
| 100 | @a20180815d2018 em y0chiy50 ea | |
| 101 | 0 | @achi |
| 102 | @aCN@b510000 | |
| 105 | @aab z 000yy | |
| 106 | @ar | |
| 200 | 1 | @a雪宝顶瑰宝@Axue bao ding gui bao@f尹显庸著@Fyin xian yong zhu |
| 210 | @a成都@c巴蜀书社@d2018.01 | |
| 215 | @a153页@c彩照, 地图@d29cm | |
| 314 | @a尹显庸, 先后就读于地矿部张家口地质技术学校、成都地质大学。 | |
| 330 | @a本书共十二章, 内容包括: 神奇的雪宝顶、雪宝顶矿晶史话、虎牙乡的前世今生、雪宝顶的“吉祥三宝”、雪宝顶“吉祥三宝”走出国门、雪宝顶矿物晶体三大价值、雪宝顶 —— 矿晶达人的圣地等。 | |
| 586 | @a | |
| 606 | 0 | @a矿物晶体@Akuang wu jing ti@x标本@x介绍@y平武县 |
| 610 | 0 | @a雪宝顶@Axue bao ding |
| 690 | @aP573@v5 | |
| 701 | 1 | @a尹显庸,@Ayin xian yong@f1960-@4著 |
| 801 | 0 | @aCN@c20180815 |
| 905 | @a河南城建学院图书馆@dP573@eY604@f1 | |
| 雪宝顶瑰宝/尹显庸著.-成都:巴蜀书社,2018.01 |
| 153页:彩照, 地图;29cm |
| ISBN 978-7-5531-0775-2:CNY168.00 |
| 本书共十二章, 内容包括: 神奇的雪宝顶、雪宝顶矿晶史话、虎牙乡的前世今生、雪宝顶的“吉祥三宝”、雪宝顶“吉祥三宝”走出国门、雪宝顶矿物晶体三大价值、雪宝顶 —— 矿晶达人的圣地等。 |
| ● |
| 相关链接 |
|
|
|
正题名:雪宝顶瑰宝
索取号:P573/Y604
 
预约/预借
| 序号 | 登录号 | 条形码 | 馆藏地/架位号 | 状态 | 备注 |
| 1 | 1407730 | 214077309 | 自科库401/401自科库 129排2列4层/ [索取号:P573/Y604] | 在馆 |